000 00342nam a2200133 i 4500
001 bg
100 1 _aJakubiak, Małgorzata B.
245 1 0 _aTadeusz Kotarbiński :
_bfilozof, nauczyciel, poeta /
_cM. B. Jakubiak.
260 _aWarszawa,
_c1987.
040 _cBPK
041 _apol
942 _cKS
008 s pl f |000 0 pol
999 _c23670
_d23670
856 _uhttp://koha.tu.koszalin.pl/cgi-bin/koha/opac-detail.pl?biblionumber=23670
_yKatalog online BPK